Catálogo
 En Linea

Cuentos coreanos / (Registro nro. 23019)

Detalles MARC
000 -CABECERA
campo de control de longitud fija 00953nam a2200229 a 4500
001 - NÚMERO DE CONTROL
campo de control 000023523
005 - FECHA Y HORA DE LA ÚLTIMA TRANSACCIÓN
campo de control 20200930022259.0
008 - DATOS DE LONGITUD FIJA--INFORMACIÓN GENERAL
campo de control de longitud fija 101210s1992 mx r 000 | spa d
020 ## - NÚMERO INTERNACIONAL ESTÁNDAR DEL LIBRO
Número Internacional Estándar del Libro 9681636562
040 ## - FUENTE DE LA CATALOGACIÓN
Centro catalogador/agencia de origen DO-SdBNP
Lengua de catalogación spa
Centro/agencia transcriptor BNPHU
041 ## - CÓDIGO DE LENGUA
Código de lengua del texto/banda sonora o título independiente kor
Código de lengua original spa
Fuente del código Código de idioma MARC
082 ## - NÚMERO DE LA CLASIFICACIÓN DECIMAL DEWEY
Número de clasificación xxx
Número de documento/Ítem C965c
049 ## - FONDOS LOCALES (OCLC)
Fondos de biblioteca BNGR
245 10 - MENCIÓN DE TÍTULO
Título Cuentos coreanos /
Mención de responsabilidad, etc. compilación de Hyesun Ko de Carranza ; a cargo de la selección Yong Tae Min.
260 ## - PUBLICACIÓN, DISTRIBUCIÓN, ETC.
Lugar de publicación, distribución, etc. México :
Nombre del editor, distribuidor, etc. Fondo de Cultura Económica ; The Korean Culture and Arts Foundation, 1991.
300 ## - DESCRIPCIÓN FÍSICA
Extensión 241 p. ;
Dimensiones 17 cm.
490 ## - MENCIÓN DE SERIE
Mención de serie Popular
Designación de volumen o secuencia 458
505 ## - NOTA DE CONTENIDO CON FORMATO
Título El mejor agricultor /
Mención de responsabilidad Yong-Chun Pak
Título El viejo alfarero /
Mención de responsabilidad Sun-Won Jwang
Título La viuda /
Mención de responsabilidad Sun-Won Jwang
Título Huérfano en la tierra /
Mención de responsabilidad Chong-Ne Cho
Título Los pájaros y yo /
Mención de responsabilidad Won-Il Kim
Título La balada del adiós /
Mención de responsabilidad Chong-Ji O.
700 1# - PUNTO DE ACCESO ADICIONAL--NOMBRE DE PERSONA
Nombre de persona Hyesun, Ko de Carranza
Término indicativo de función/relación comp.
9 (RLIN) 48486
710 1# - PUNTO DE ACCESO ADICIONAL--NOMBRE DE ENTIDAD CORPORATIVA
Nombre de entidad corporativa o nombre de jurisdicción como elemento de entrada Yong, Tae Min
9 (RLIN) 48487
830 #0 - PUNTO DE ACCESO ADICIONAL DE SERIE-TÍTULO UNIFORME
Título uniforme Popular;
Designación de volumen o secuencia 458
9 (RLIN) 13374
Existencias
Estado de retiro Estado de pérdida Restricciones de uso No para préstamo Código de colección Localización permanente Ubicación/localización actual Ubicación en estantería Fecha de adquisición Número de inventario Total de préstamos Signatura topográfica completa Código de barras Fecha visto por última vez Precio válido a partir de Tipo de ítem Koha
      Excluido de préstamo Monografías: Libros y Folletos General General En catalogación 10.12.2010 LF1   xxx C965c 23523-10 25.06.2020 25.06.2020 No se presta

Con tecnología Koha